| 000 | 03500nam a22002897a 4500 | ||
|---|---|---|---|
| 003 | DO-CoUTE | ||
| 005 | 20260514124240.0 | ||
| 008 | 260514b dr ||||| |||| 00| 0 spa d | ||
| 040 |
_aDO-CoUTE _bspa _cDO-CoUTE |
||
| 041 | _aspa | ||
| 092 | _aING 2025 D41 | ||
| 100 | 1 |
_a Diaz Almánzar, Rodolfo _eSustentante |
|
| 245 | 1 | 0 |
_aProtocolo de seguridad para Excavaciones de Cimentaciones en Cotuí / _cRodolfo Diaz Almánzar, Realneriz Romero Jerez, Emmanuel Parra Paredes, Héctor Porfirio García Valdez ; Asesor, Rafael Eugenio Robles |
| 260 |
_aCotuí, República Dominicana ; _bUTECO, _c2025 |
||
| 300 |
_a88 Paginas : _bGráficos ; _c23cm, _e + 1 CD-ROM |
||
| 502 | _aTrabajo de Grado (Ingeniero Civil ) Universidad Tecnológica del Cibao Oriental, 2025. | ||
| 504 | _a Incluye referencia bibliográfica e índice. | ||
| 520 | _aEl presente proyecto tuvo como objetivo, establecer un protocolo de seguridad para Excavaciones de Cimentaciones en Cotuí. En este orden, tomando como punto de partida el diagnóstico realizado, cuyo objetivo general consistió en “identificar y caracterizar la situación actual en materia de seguridad durante la ejecución de excavaciones para cimentaciones en el municipio de Cotuí”, se identificó como principal problemática “Carencia de protocolos escritos documentados”. Por tanto, se elaboró una propuesta de solución de problema cuyo objetivo general consistió en “Desarrollar protocolos escritos y documentados de seguridad para las excavaciones de cimentaciones en Cotuí, con el fin de garantizar la integridad física de los trabajadores y el cumplimiento de las normas de seguridad laboral”. Luego de elaborar la propuesta de solución de la problemática y establecer el diseño del referido protocolo, el equipo investigador llegó a las siguientes conclusiones: El protocolo contribuye al fortalecimiento de la sostenibilidad y la responsabilidad social de las obras en Cotuí. Además de la seguridad, el documento promueve prácticas responsables en el manejo de residuos, control de aguas subterráneas y reducción del impacto ambiental, lo cual favorece el cumplimiento de la legislación ambiental dominicana y mejora la percepción comunitaria hacia los proyectos de construcción. La capacitación y sensibilización del personal es un elemento imprescindible para garantizar la efectividad del protocolo. Ningún procedimiento escrito tendrá impacto si los trabajadores y supervisores no lo comprenden ni lo aplican adecuadamente. Por tanto, se concluye que el protocolo debe acompañarse de programas formativos, talleres periódicos y mecanismos de evaluación continua del desempeño en seguridad. El protocolo debe considerarse un documento vivo sujeto a mejoras. Debido a la naturaleza dinámica del sector construcción, los cambios tecnológicos y las condiciones geotécnicas variables del municipio, el protocolo requiere revisiones periódicas, actualizaciones normativas e incorporación de buenas prácticas basadas en la experiencia acumulada. | ||
| 650 | 4 | _aProtocolo de seguridad | |
| 700 | 1 |
_aRodolfo Diaz Almánzar _eSustentante |
|
| 700 | 1 |
_aRealneriz Romero Jerez _eSustentante |
|
| 700 | 1 |
_aRealneriz Romero Jerez _eSustentante |
|
| 700 | 1 |
_aRafael Eugenio Robles _eAsesor |
|
| 830 | _aTesis y disertaciones académicas (Universidad Tecnológica del Cibao Oriental) | ||
| 856 | _yHaga Click Aquí para Descargar en Texto Completo | ||
| 942 |
_2ddc _cTH |
||
| 999 |
_c24186 _d24186 |
||